| 000 | 00688cab a2200241 4500 | ||
|---|---|---|---|
| 001 | WB3304-33 | ||
| 008 | 090401t1997 xxu||||| |||| 00| 0 eng d | ||
| 035 | _a(Sirsi) u33154 | ||
| 041 | _aeng | ||
| 245 | _aGreen pound | ||
| 260 | _c1997 | ||
| 350 | _a0 | ||
| 490 |
_aFinancial Times _v21 January 1997, 10 |
||
| 490 |
_aScotsman _v22 January 1997, 10(2) |
||
| 520 | _aThe green pound has been revalued by just over 5%. A further revaluation could follow in March if sterling continues to rise. | ||
| 650 | _aFARM SUBSIDIES | ||
| 650 | _aGREEN EXCHANGE RATE | ||
| 650 | _aGREEN POUND | ||
| 650 | _aSTERLING | ||
| 690 | _aRURAL PRACTICE | ||
| 942 | _n0 | ||
| 948 | _c04/03/1997 | ||
| 999 |
_c22164 _d22164 |
||